Most feminist countries - Statistics

General Stats
  • This quiz has been taken 60 times
  • The average score is 12 of 14
Answers on the Map
Answers color-coded by a green-red scale on the quiz's map according to % correct below.
 
Answer Stats
Answer % Correct
Sweden
98%
Finland
96%
Norway
96%
Germany
94%
Australia
89%
Canada
89%
Iceland
85%
New Zealand
85%
Denmark
83%
Ireland
81%
Switzerland
78%
Belgium
74%
Netherlands
72%
Austria
69%
No matching quizzes found
Score Distribution
Percent of People with Each Score
Percentile by Number Answered
Your Score History
You have not taken this quiz